E-learning: Nové formy vzdelávania

E-learning ako progresívna forma interaktívneho vzdelávania. Definícia a spôsoby použitia e-learningu. Výhody a nevýhody e-learningu.

Gespeichert in:
Bibliographische Detailangaben
1. Verfasser: Daneshjo, Naqibullah, 1964-
Weitere Verfasser: Tuleja, Pavel
Format: Buchkapitel
Sprache:Slowakisch
Schlagworte:
Tags: Tag hinzufügen
Keine Tags, Fügen Sie das erste Tag hinzu!

MARC

LEADER 00000naa a2200000 4500
001 0273979
005 20240502074318.9
041 0 |a slo 
044 |a SK 
245 1 0 |a E-learning: Nové formy vzdelávania  |c Naqibullah Daneshjo, Pavel Tuleja 
520 |a E-learning ako progresívna forma interaktívneho vzdelávania. Definícia a spôsoby použitia e-learningu. Výhody a nevýhody e-learningu. 
610 2 0 |a vzdelávanie 
610 2 0 |a vzdelávanie elektronické 
610 2 0 |a internet 
100 1 |a Daneshjo, Naqibullah, 1964- 
700 1 |a Tuleja, Pavel